[Event "BCF-chT1c 1213 (4NCL) Promotion pool"]
[Site "England"]
[Date "2013.05.05"]
[Round "10.137"]
[White "Rogers, Jonathan"]
[Black "Harakis, Alexis"]
[Result "1-0"]
[WhiteElo "2328"]
[BlackElo "2238"]
[PlyCount "57"]
[EventDate "2012.11.03"]
[EventType "team-tourn"]
[EventRounds "4"]
[EventCountry "ENG"]
[SourceTitle "EXT 2014"]
[Source "ChessBase"]
[SourceDate "2013.11.20"]
[SourceVersion "1"]
[SourceVersionDate "2013.11.20"]
[SourceQuality "1"]
[WhiteTeam "Barbican"]
[BlackTeam "Jutes of Kent"]
[WhiteTeamCountry "ENG"]
[BlackTeamCountry "ENG"]

1. d4 Nf6 2. Nf3 g6 3. Bg5 Bg7 4. Nbd2 0-0 5. c3 d6 6. e4 c5 7. dxc5 dxc5 8. Bc4 Nc6 9. Qe2 Qc7 10. 0-0 b6 11. Rfe1 Nh5 12. e5 h6 13. Bh4 Nf4 14. Qe4 Ne6 15. Nf1 Na5 16. Bd5 Bb7 17. Ne3 c4 18. Bxb7 Nc5 19. Bxa8 Nxe4 20. Bxe4 e6 21. Ng4 g5 22. Bg3 Kh8 23. h4 h5 24. Nf6 g4 25. Ng5 Nc6 26. Bxc6 Qxc6 27. Nxh5 Qb5 28. Re2 Qd5 29. Nf6 1-0

[Event "BCF-chT1b 1213 (4NCL)"]
[Site "England"]
[Date "2013.02.24"]
[Round "6.164"]
[White "Rogers, Jonathan"]
[Black "Dickenson, Neil F"]
[Result "1/2-1/2"]
[WhiteElo "2328"]
[BlackElo "2298"]
[PlyCount "66"]
[EventDate "2012.11.03"]
[EventType "team-tourn"]
[EventRounds "7"]
[EventCountry "ENG"]
[SourceTitle "EXT 2014"]
[Source "ChessBase"]
[SourceDate "2013.11.20"]
[SourceVersion "1"]
[SourceVersionDate "2013.11.20"]
[SourceQuality "1"]
[WhiteTeam "Barbican II"]
[BlackTeam "Jutes of Kent"]
[WhiteTeamCountry "ENG"]
[BlackTeamCountry "ENG"]

1. d4 c5 2. d5 Nf6 3. Nc3 g6 4. e4 d6 5. f4 Nfd7 6. Nf3 Bg7 7. Bd3 Na6 8. 0-0 Rb8 9. Kh1 Nc7 10. a4 a6 11. f5 b5 12. axb5 axb5 13. fxg6 hxg6 14. Bf4 b4 15. Na4 Nf6 16. Kg1 Bg4 17. h3 Bxf3 18. Qxf3 0-0 19. Bc4 Nd7 20. Rad1 Ne5 21. Qe2 Qd7 22. b3 Nb5 23. Bxb5 Qxb5 24. Qxb5 Rxb5 25. Nb2 Ra8 26. Bxe5 Bxe5 27. Nc4 Bd4+ 28. Kh1 Ra2 29. Rc1 Rb8 30. Rfe1 f6 31. Re2 Kg7 32. g3 Rba8 33. Kg2 Ra1 1/2-1/2

[Event "BCF-chT1b 1213 (4NCL)"]
[Site "England"]
[Date "2013.01.13"]
[Round "4.162"]
[White "Rogers, Jonathan"]
[Black "Wells, Peter K"]
[Result "0-1"]
[WhiteElo "2328"]
[BlackElo "2488"]
[PlyCount "48"]
[EventDate "2012.11.03"]
[EventType "team-tourn"]
[EventRounds "7"]
[EventCountry "ENG"]
[SourceTitle "EXT 2014"]
[Source "ChessBase"]
[SourceDate "2013.11.20"]
[SourceVersion "1"]
[SourceVersionDate "2013.11.20"]
[SourceQuality "1"]
[WhiteTeam "Barbican II"]
[BlackTeam "White Rose"]
[WhiteTeamCountry "ENG"]
[BlackTeamCountry "ENG"]

1. d4 Nf6 2. Nf3 d5 3. c4 e6 4. g3 Bb4+ 5. Bd2 Be7 6. Bg2 c6 7. Qc2 0-0 8. 0-0 Nbd7 9. Bf4 b6 10. Nbd2 Nh5 11. e4 Nxf4 12. gxf4 Nf6 13. Ne5 Bb7 14. Rad1 Nh5 15. f5 Nf4 16. Bf3 Bd6 17. Kh1 Qh4 18. Rg1 Nh3 19. Rg2 Bxe5 20. dxe5 Nxf2+ 21. Rxf2 Qxf2 22. Rg1 dxc4 23. Rg2 Qe1+ 24. Rg1 Qe3 0-1